000 01142nam a2200241 a 4500
008 120416s1992 ||||||||||||||||| || u
020 _a0273032364
050 _aTS 155 Muh
100 _aLockyer, Keith
245 1 0 _aProduction and operations management (6th ed.)
250 _a6th ed.
260 _aLondon
_bPitman
_c1992
300 _ax, 566p. : ill.
350 _a0.00
650 _aOPERATIONS--MANAGEMENT
650 _aPRODUCTION--MANAGEMENT
650 0 _aMANAGEMENT
700 _aMuhlemann, Alan
995 _aANNEX COLLECTION (Main Library)
_D0.00
_e017617
_FCBU-MAIN LIBRARY (Kitwe)
_H2
_I24.00
_jTS 155 Muh
_UAVAILABLE
_y017617
_ZAnnex Low-Usage Collection
995 _aMAIN LIBRARY OPEN ACCESS
_D0.00
_e017619
_FCBU-MAIN LIBRARY (Kitwe)
_H1
_I24.00
_jTS 155 Muh
_UAVAILABLE
_y017619
_ZMain Library Open Access Collection
995 _aMAIN LIBRARY OPEN ACCESS
_D0.00
_e017618
_FCBU-MAIN LIBRARY (Kitwe)
_H4
_I24.00
_jTS 155 Muh
_UAVAILABLE
_y017618
_ZMain Library Open Access Collection
995 _aMAIN LIBRARY OPEN ACCESS
_D0.00
_e727532
_FCBU-MAIN LIBRARY (Kitwe)
_H3
_I24.00
_jTS 155 Muh
_UAVAILABLE
_y025368
_ZMain Library Open Access Collection
999 _c77229
_d77229